Asomor manuhor upadhi aru gutro abhidhan (Record no. 8591)

MARC details
000 -LEADER
fixed length control field 00619cam a2200217ua 4500
008 - FIXED-LENGTH DATA ELEMENTS--GENERAL INFORMATION
fixed length control field 160218n ii |||gr||||Z||||||asm
020 ## - INTERNATIONAL STANDARD BOOK NUMBER
International Standard Book Number 9788120288515
040 ## - CATALOGING SOURCE
Transcribing agency MAIN
041 ## - LANGUAGE CODE
-- asm
082 ## - DEWEY DECIMAL CLASSIFICATION NUMBER
Classification number 491.45103
100 ## - MAIN ENTRY--PERSONAL NAME
Personal name Nath, Junaram,
Relator term
245 1# - TITLE STATEMENT
Title Asomor manuhor upadhi aru gutro abhidhan
Statement of responsibility, etc. by Junaram Nath
250 ## - EDITION STATEMENT
Edition statement 1st ed. /
Remainder of edition statement Asamiya jatiya kosh-1.
260 ## - PUBLICATION, DISTRIBUTION, ETC.
Place of publication, distribution, etc. Nagaon:
Name of publisher, distributor, etc. Jagaran sahitya prakashan,
Date of publication, distribution, etc. 2015.
300 ## - PHYSICAL DESCRIPTION
Extent 454p.
942 ## - ADDED ENTRY ELEMENTS (KOHA)
Koha item type Books
653 ## - INDEX TERM--UNCONTROLLED
Uncontrolled term East Indo-European & Celtic languages
653 ## - INDEX TERM--UNCONTROLLED
Uncontrolled term Assamese dictionary
653 ## - INDEX TERM--UNCONTROLLED
Uncontrolled term Dictionary on title and gutro
Holdings
Withdrawn status Lost status Damaged status Not for loan Home library Current library Shelving location Date acquired Total Checkouts Full call number Barcode Date last seen Copy number Price effective from Koha item type
        Central Library, Naharkatiya College Central Library, Naharkatiya College General Stacks 19/09/2020   491.45103 | NAT 23036 19/09/2020 1 19/09/2020 Books

Naharkatiya College © 2020. All rights reserved.

Powered By